[Event "European Club Cup (Women)"]
[Site "Rogaska Slatina SLO"]
[Date "2011.09.30"]
[EventDate "2011.09.25"]
[Round "6.3"]
[Result "1/2-1/2"]
[White "Almira Skripchenko"]
[Black "Ljilja Drljevic"]
[WhiteElo "2470"]
[BlackElo "2256"]
[PlyCount "97"]

1. e4 d6 2. d4 Nf6 3. Nc3 g6 4. g3 Bg7 5. Bg2 O-O 6. Nge2 e5
7. h3 Nc6 8. Be3 exd4 9. Nxd4 Bd7 10. O-O Re8 11. Re1 a6
12. f4 Nxd4 13. Bxd4 Bc6 14. a4 Nh5 15. Bxg7 Kxg7 16. Qd3 Qf6
17. Kh2 Kg8 18. Bf3 Ng7 19. Rad1 h5 20. h4 Ne6 21. Qd2 Nf8
22. Bg2 Nh7 23. Qd3 a5 24. b3 Re7 25. Re2 Rae8 26. Rde1 Qe6
27. Bh3 Qf6 28. Nd1 Qg7 29. Nf2 Qf6 30. Re3 b6 31. c4 Qb2
32. R3e2 Qg7 33. Kg1 Qf6 34. Nd1 Qg7 35. Nc3 Nf6 36. Nd5 Bxd5
37. cxd5 Ng4 38. Bxg4 hxg4 39. Kf2 Qf6 40. Re3 Qb2+ 41. R3e2
Qf6 42. Kf1 Qg7 43. Kg2 Qh8 44. Qd1 Qg7 45. Qd2 Qh8 46. Kf2
Qf6 47. Re3 Qg7 48. Kf1 Qh8 49. Kg2 1/2-1/2

[Event "28th European Club Cup (Women)"]
[Site "Eilat ISR"]
[Date "2012.10.14"]
[EventDate "2012.10.11"]
[Round "4"]
[Result "0-1"]
[White "Valeria Dotan"]
[Black "Almira Skripchenko"]
[WhiteElo "2064"]
[BlackElo "2437"]
[PlyCount "112"]

1. d4 e6 2. g3 c5 3. c3 d5 4. Nf3 Nc6 5. Bg2 Nf6 6. O-O Be7
7. b3 O-O 8. Bb2 Bd7 9. Nbd2 cxd4 10. cxd4 Qb6 11. a3 Rfc8
12. Re1 Be8 13. e3 Rc7 14. Bf1 a5 15. Bd3 Rac8 16. Qe2 Na7
17. a4 Nc6 18. Rac1 Nb4 19. Rxc7 Rxc7 20. Bb1 Na6 21. Ba1 Bb4
22. Qd3 Kf8 23. Rd1 h6 24. Kg2 Bd6 25. Qf1 Ba3 26. Bd3 Nb4
27. Nb1 Nxd3 28. Qxd3 Bd6 29. Nfd2 Bc6 30. Qf1 Ne4 31. Rc1 Bb4
32. Bc3 Bxc3 33. Nxe4 Bb2 34. Nc5 Bxc1 35. Qxc1 Be8 36. Qa3
Kg8 37. Nd2 Qd6 38. Qb2 b6 39. Nd3 Qc6 40. Kf1 f6 41. Ke2 Bg6
42. Nf4 Bc2 43. Nd3 Bxd3+ 44. Kxd3 b5 45. Ke2 Rb7 46. axb5
Qxb5+ 47. Kf3 a4 48. Qc3 axb3 49. Qc8+ Kf7 50. h4 b2 51. Nb1
Qd7 52. Qc2 Qc7 53. Qd3 Qc1 54. e4 dxe4+ 55. Kxe4 Rb3 56. Qxb3
Qxb1+ 0-1

[Event "PokerStars IoM Masters"]
[Site "Douglas ENG"]
[Date "2014.10.10"]
[EventDate "2014.10.04"]
[Round "7.25"]
[Result "1-0"]
[White "Almira Skripchenko"]
[Black "Yochanan Afek"]
[WhiteElo "2429"]
[BlackElo "2287"]
[PlyCount "155"]

1. f4 c5 2. Nf3 g6 3. e4 Bg7 4. Nc3 a6 5. d3 d6 6. Be2 Nc6
7. O-O e6 8. Kh1 Nge7 9. Qe1 Nd4 10. Nxd4 cxd4 11. Nb1 Qc7
12. Nd2 b5 13. Bd1 O-O 14. Nf3 f5 15. Bd2 fxe4 16. Qxe4 Qb7
17. a4 Qxe4 18. dxe4 Bd7 19. axb5 axb5 20. Be2 Ra4 21. Bd3
Rfa8 22. Rad1 e5 23. b3 R4a6 24. fxe5 dxe5 25. Bb4 Nc8 26. c3
Nd6 27. cxd4 exd4 28. Bc5 Be6 29. Rb1 Nb7 30. Bxd4 Bxd4
31. Nxd4 Rd6 32. Nxe6 Rxd3 33. Nc7 Ra2 34. Ne6 Ra8 35. Rf3 Rd2
36. Rbf1 h5 37. h4 Nd6 38. Rf6 Nxe4 39. Rxg6+ Kh7 40. Rg7+ Kh6
41. Rff7 Nf2+ 42. Kh2 Ng4+ 43. Kh3 Rf2 44. Kg3 Rxf7 45. Rxf7
Rg8 46. Kf4 Rg6 47. Nd4 Rb6 48. Rf5 b4 49. Rg5 Nf6 50. Nf5+
Kh7 51. Rg7+ Kh8 52. Ra7 Rb5 53. Kg5 Nh7+ 54. Kh6 Nf6 55. Ra8+
Ng8+ 56. Kg6 Rb8 57. Ra7 Rb6+ 58. Kxh5 Nf6+ 59. Kg5 Ne4+
60. Kf4 Nc5 61. Nd4 Rd6 62. Ke5 Rg6 63. Kd5 Nd3 64. Kc4 Ne5+
65. Kxb4 Rxg2 66. Ra5 Nf7 67. Rd5 Rg4 68. h5 Kg7 69. Kc5 Kf6
70. b4 Rg1 71. b5 Rc1+ 72. Kb6 Ke7 73. Nc6+ Ke6 74. Rc5 Rd1
75. Rc2 Rh1 76. Kc7 Rxh5 77. b6 Rh7 78. Re2+ 1-0

[Event "PokerStars IoM Masters"]
[Site "Douglas ENG"]
[Date "2014.10.11"]
[EventDate "2014.10.04"]
[Round "8.21"]
[Result "0-1"]
[White "Gerard Welling"]
[Black "Almira Skripchenko"]
[WhiteElo "2350"]
[BlackElo "2429"]
[PlyCount "30"]

1. d4 d6 2. Nf3 g6 3. e4 Bg7 4. Bc4 e6 5. Nbd2 Ne7 6. c3 Nd7
7. Bb3 b6 8. O-O Bb7 9. Re1 h6 10. Nf1 O-O 11. Ng3 c5 12. Be3
Nf6 13. Nd2 Nc6 14. f3 Qc7 15. a3 Rad8 0-1

[Event "FIDE Women's Grand Prix Batumi"]
[Site "Batumi GEO"]
[Date "2016.04.28"]
[EventDate "2016.04.20"]
[Round "8"]
[Result "1/2-1/2"]
[White "Almira Skripchenko"]
[Black "Valentina Gunina"]
[WhiteElo "2453"]
[BlackElo "2497"]
[PlyCount "162"]

1. e4 c6 2. c4 d5 3. cxd5 cxd5 4. exd5 Nf6 5. Nc3 Nxd5 6. Nf3
Nc6 7. Bb5 g6 8. Qa4 Nb6 9. Bxc6+ bxc6 10. Qxc6+ Bd7 11. Qe4
Bg7 12. d4 O-O 13. O-O Rc8 14. Rd1 Bc6 15. Qe2 Qc7 16. Ne5 Qb7
17. Nxc6 Rxc6 18. Bf4 Re6 19. Qb5 Rd8 20. d5 Rf6 21. Be5 Rf5
22. Bxg7 Kxg7 23. Qb4 Qd7 24. Re1 Nxd5 25. Nxd5 Rxd5 26. Rxe7
Qf5 27. Rae1 Rd2 28. Qc3+ R8d4 29. R7e2 R2d3 30. Qc7 Rd7
31. Qc4 R7d4 32. Qc7 Rd7 33. Qb8 Qa5 34. h3 Rd2 35. a3 Rd8
36. Qf4 Rxb2 37. Re7 Qf5 38. Qxf5 gxf5 39. Rxa7 f4 40. Ra4 Ra2
41. Rxf4 Rxa3 42. Rg4+ Kf8 43. Re5 Rd6 44. Rh5 h6 45. Rf5 Rad3
46. Rff4 Re6 47. Kh2 Rdd6 48. Rf5 Rf6 49. Rxf6 Rxf6 50. Kg3
Rf5 51. h4 Ra5 52. f3 Rb5 53. Kf2 Ra5 54. Rc4 Kg7 55. g4 Rb5
56. Kg3 Ra5 57. Kf4 Rb5 58. Rd4 Ra5 59. Ke4 Rb5 60. f4 Rb1
61. h5 Rh1 62. Ke5 Re1+ 63. Re4 Rh1 64. Kf5 Rh2 65. Ra4 Rh1
66. Ra6 Rh2 67. Ke4 Rh1 68. Kf3 Rf1+ 69. Kg3 Rg1+ 70. Kh3 Rf1
71. Ra4 Rg1 72. Rb4 Kf6 73. Rb6+ Kg7 74. f5 Rf1 75. Kg3 Rg1+
76. Kf3 Rf1+ 77. Kg2 Rf4 78. Kg3 Rf1 79. Rb3 Kf6 80. Rf3 Ra1
81. Kh4 Ke5 1/2-1/2

[Event "FIDE Women's Grand Prix Batumi"]
[Site "Batumi GEO"]
[Date "2016.04.30"]
[EventDate "2016.04.20"]
[Round "9"]
[Result "1-0"]
[White "Zhao Xue"]
[Black "Almira Skripchenko"]
[WhiteElo "2504"]
[BlackElo "2453"]
[PlyCount "79"]

1. c4 Nf6 2. Nf3 b6 3. d4 e6 4. Nc3 Bb4 5. Bg5 Bb7 6. Nd2 h6
7. Bh4 Nc6 8. e3 Be7 9. Be2 d6 10. f4 e5 11. fxe5 dxe5 12. d5
Nb8 13. Bf2 Nbd7 14. e4 O-O 15. a3 a5 16. Rb1 Bd6 17. O-O Qe7
18. Kh1 Ne8 19. Qe1 Kh8 20. Bh4 g5 21. Bf2 Ng7 22. Bg1 Rab8
23. Qg3 Nf6 24. b4 axb4 25. axb4 Ng8 26. c5 bxc5 27. bxc5 Bxc5
28. Bxc5 Qxc5 29. Rb5 Qa7 30. Nc4 Ba6 31. Ra5 Qb7 32. Nxe5
Bxe2 33. Nxe2 Qb4 34. Raa1 Qxe4 35. Nc3 Qc2 36. Rf2 Ra8
37. Raf1 Qb3 38. Nxf7+ Rxf7 39. Rxf7 Re8 40. Qxc7 1-0

[Event "FIDE Women's Grand Prix Batumi"]
[Site "Batumi GEO"]
[Date "2016.05.01"]
[EventDate "2016.04.20"]
[Round "10"]
[Result "1/2-1/2"]
[White "Almira Skripchenko"]
[Black "Nino Batsiashvili"]
[WhiteElo "2453"]
[BlackElo "2476"]
[PlyCount "61"]

1. e4 e5 2. Nf3 Nc6 3. d4 exd4 4. Nxd4 Bc5 5. Nb3 Bb6 6. Qe2
d6 7. Be3 Be6 8. Nc3 Qd7 9. O-O-O O-O-O 10. Nc5 Qe8 11. Nxe6
fxe6 12. Bxb6 axb6 13. Qg4 Qg6 14. Qxg6 hxg6 15. Bc4 e5
16. Bxg8 Rdxg8 17. Nd5 Rf8 18. f3 Kd7 19. a4 Ra8 20. b3 Ra5
21. Kb2 b5 22. axb5 Rxb5 23. Ra1 Ra5 24. Rxa5 Nxa5 25. h3 Nc6
26. Ra1 Nd4 27. c3 Ne6 28. Ra7 Rb8 29. Kc2 c6 30. Ne3 g5
31. Ra1 1/2-1/2

[Event "FIDE Women's Grand Prix Batumi"]
[Site "Batumi GEO"]
[Date "2016.05.02"]
[EventDate "2016.04.20"]
[Round "11"]
[Result "1/2-1/2"]
[White "Olga Girya"]
[Black "Almira Skripchenko"]
[WhiteElo "2442"]
[BlackElo "2453"]
[PlyCount "74"]

1. d4 d6 2. Nf3 Bg4 3. e4 Nd7 4. Nc3 e5 5. Be2 Ngf6 6. Be3 c6
7. Nd2 Bxe2 8. Qxe2 Be7 9. a4 O-O 10. O-O Re8 11. d5 cxd5
12. exd5 Nb6 13. Qb5 Ng4 14. Bxb6 axb6 15. Nc4 Ra6 16. a5 bxa5
17. Qxb7 Ra8 18. Qb5 Rc8 19. Nxa5 Bh4 20. Qe2 f5 21. Nc6 Qf6
22. Ra4 e4 23. h3 e3 24. fxe3 Nxe3 25. Re4 Bg5 26. Rxe8+ Rxe8
27. Nd1 Re4 28. Nxe3 Bxe3+ 29. Kh1 Qxb2 30. Qa6 g6 31. Qc8+
Kg7 32. Qd7+ Kh6 33. Qxd6 Qb5 34. Qf8+ Kg5 35. Qd8+ Kh6
36. Qf8+ Kg5 37. Qd8+ Kh6 1/2-1/2